000 00402nam a2200193Ia 4500
001 17359
003 GE_BSU
008 181216s||||||||xx |||||||||||||| ||und||
020 _a9781413004166
040 _cGE_BSU
080 _a811.111
100 _aAckert, Patricia
245 _aCause & effect
260 _c2004
300 _a292p.
541 _h10GEL.
653 _aCause & effect
942 _cBK
999 _c50415
_d50415